000 00885nas a2200289 4500
001 BR0203201
003 BR-BrBNA
005 20231205103043.0
007 ta
008 230509b bl.|||p| |||| 00| 00por d
040 _aBR-BrBNA
_bpor
_cBiblioteca Nacional de Agricultura
041 _a(Pt)
072 _aH20
100 1 _aSampaio, H.S. de V.
100 1 _aPeixoto, M. de F. da S.P.
100 1 _aSampaio, L.S. de V.
100 1 _aPeixoto, C.P.
245 1 _aPerdas causadas pela verrugose e cercosporiose na produção do amendoim em cultivo intensivo no Recôncavo Baiano
650 _aAMENDOIM
650 _aVERRUGOSE
650 _aCERCOSPORIOSE
650 _aCONTROLE QUÍMICO
650 _aBAHIA
773 0 _tMagistra (Brazil)
_xISSN 0102-5333
_g(Jan-Jun 2002), v. 14(1) p. 51-54
_wBR0203201
909 _a202311
_bLúcia
_c55
_dLúcia Elande
942 _2AGRIS
_n0
_cANA
999 _c170802
_d170802